| 000 | 00000nam##2200000za#4500 |
| 001 | 9.700439 |
| 003 | CaOODSP |
| 005 | 20210625000832 |
| 007 | cr ||||||||||| |
| 008 | 150407|2011||||xxc|||||o f|0| 0 eng|d |
| 040 | |aCaOODSP|beng |
| 043 | |an-cn--- |
| 086 | 1 |aR5-44/2011E-PDF |
| 110 | 1 |aCanada. |bAboriginal Affairs and Northern Development Canada. |
| 245 | 10|aEvaluation of shelter allowance as it relates to on-reserve housing : |h[electronic resource]|bfinal report / |c[published by the] Evaluation, Performance Measurement and Review Branch. |
| 260 | |aOttawa - Ontario : |bAboriginal Affairs and Northern Development Canada |cJune 2010, revised August 2011. |
| 300 | |a38p.|btables |
| 590 | |a15-03-Supp|b2015-03-13 |
| 690 | 07|aIndigenous reserves|2gcpds |
| 690 | 07|aHousing assistance|2gcpds |
| 775 | 08|tÉvaluation de l'allocation-logement dans ses rapports avec le logement dans les réserves : |w(CaOODSP)9.644331 |
| 856 | 40|ahttp://publications.gc.ca|qPDF|s179 KB|uhttps://publications.gc.ca/collections/collection_2015/aadnc-aandc/R5-44-2011-eng.pdf |
| 986 | |aProject number : 1570-7/07068 |